Adaptation des gallicismes dans la langue Slovaque

Problematika prevzatých francúzských výrazov a ich prekladu do slovenčiny.

Salvato in:
Dettagli Bibliografici
Autore principale: Rizeková, Iveta, 1961-
Natura: Capitolo di libro
Lingua:francese
Soggetti:
Tags: Aggiungi Tag
Nessun Tag, puoi essere il primo ad aggiungerne!!

MARC

LEADER 00000naa a2200000 4500
001 0198719
005 20250207095920.3
041 0 |a fre 
044 |a SK 
245 1 0 |a Adaptation des gallicismes dans la langue Slovaque  |c Iveta Rizeková 
520 |a Problematika prevzatých francúzských výrazov a ich prekladu do slovenčiny. 
610 2 0 |a jazykoveda 
610 2 0 |a francúzština 
610 2 0 |a preklady 
100 1 |a Rizeková, Iveta, 1961-